| 000 | 00519nam a2200169 i 4500 | ||
|---|---|---|---|
| 001 | 82779 | ||
| 003 | ES-MaACL | ||
| 005 | 20250719063311.0 | ||
| 007 | t| | ||
| 008 | 041111s1971 sp ||||1| spa d | ||
| 100 | 1 |
_aIgartua, Juan Manuel _965056 |
|
| 245 | 1 | 3 |
_aEl mundo será de Cristo _b: el futuro del mundo según los Papas contemporáneos / _cJuan Manuel Igartua. |
| 260 |
_aBilbao : _b[s.n., _c1971] |
||
| 300 |
_a381 p. ; _c21 cm. |
||
| 852 |
_aES-MaACL _jC-47782 _bR.78929 |
||
| 999 |
_c82779 _d82779 |
||